[Event "Yerevan op 2nd"]
[Site "Yerevan"]
[Date "2017.09.21"]
[Round "3"]
[White "Karatorossian, David"]
[Black "Khachikyan, Haik"]
[Result "1-0"]
[WhiteElo "2250"]
[BlackElo "1896"]
[PlyCount "91"]
[EventDate "2017.09.19"]
[EventType "swiss"]
[EventRounds "9"]
[EventCountry "ARM"]
[SourceTitle "CBM 180 Extra"]
[Source "ChessBase"]
[SourceDate "2017.10.06"]
[SourceVersion "1"]
[SourceVersionDate "2017.10.06"]
[SourceQuality "1"]

1. Nf3 Nc6 2. e4 d5 3. exd5 Qxd5 4. Nc3 Qa5 5. h3 Nf6 6. Bc4 Bf5 7. d3 e6 8. Bd2 Bb4 9. a3 Bxc3 10. Bxc3 Qb6 11. Qe2 0-0-0 12. Qe3 Rhg8 13. 0-0-0 Nd5 14. Qxb6 axb6 15. Bd2 h6 16. Rde1 Rge8 17. Bb5 Re7 18. Bxc6 bxc6 19. Nd4 Kd7 20. c4 Nf6 21. Nxf5 exf5 22. Rxe7+ Kxe7 23. Re1+ Kf8 24. Bf4 Ne8 25. Kc2 c5 26. h4 h5 27. b4 cxb4 28. axb4 Ra8 29. Kb3 f6 30. Re6 Kf7 31. Rc6 Ra7 32. d4 Ke7 33. b5 Kd7 34. c5 bxc5 35. dxc5 Ra1 36. Ra6 Rb1+ 37. Kc4 Re1 38. f3 Re2 39. Ra7 Rxg2 40. Bxc7 Nxc7 41. b6 g5 42. Rxc7+ Kd8 43. hxg5 fxg5 44. Rh7 g4 45. b7 Rb2 46. c6 1-0

[Event "Yerevan op 1st"]
[Site "Yerevan"]
[Date "2016.10.09"]
[Round "8"]
[White "Doostkam, Pooyan"]
[Black "Khachikyan, Haik"]
[Result "1-0"]
[WhiteElo "2210"]
[BlackElo "1954"]
[PlyCount "87"]
[EventDate "2016.10.02"]
[EventType "swiss"]
[EventRounds "9"]
[EventCountry "ARM"]
[SourceTitle "EXT 2017"]
[Source "ChessBase"]
[SourceDate "2016.10.25"]
[SourceVersion "1"]
[SourceVersionDate "2016.10.25"]
[SourceQuality "1"]

1. c4 Nf6 2. Nc3 g6 3. g3 Bg7 4. Bg2 0-0 5. d4 d6 6. e3 Nc6 7. Nge2 Nd7 8. b3 e5 9. Bb2 h5 10. Qd2 exd4 11. exd4 a5 12. h3 Kh7 13. d5 Nb4 14. a3 Na6 15. Nb5 Ndc5 16. Bxg7 Kxg7 17. 0-0 Qf6 18. Ned4 Bf5 19. Qxa5 Rae8 20. Qc3 Bd7 21. b4 Ne4 22. Qd3 Ng5 23. f4 Nh7 24. Nc3 Qe7 25. Rae1 Qxe1 26. Rxe1 Rxe1+ 27. Kf2 Re7 28. Nf3 Rfe8 29. Qd4+ Kg8 30. c5 Bf5 31. Bf1 Nb8 32. a4 Nd7 33. c6 bxc6 34. dxc6 Ndf6 35. Nd2 Ne4+ 36. Ndxe4 Bxe4 37. b5 Nf8 38. Bc4 d5 39. Bxd5 Bxd5 40. Nxd5 Re2+ 41. Kf3 Ne6 42. Nf6+ Kh8 43. Qc3 Rc2 44. Qxc2 1-0